000 00787nam a2200229 a 4500
005 20200104041518.0
008 140226b1998 sz ||||| |||| 00| 0 spa d
040 _aCO-BoIAVH
_cCO-BoIAVH
041 _aspa
044 _asz
090 _aLB
_b01111
110 _bPrograma de las Naciones Unidas para el Medio Ambiente
_944994
245 _aConvención sobre la conservación de las especies migratorias de animales silvestres (CMS)
_bactas de la segunda reunión de la Conferencia de las Partes
260 _aGinebra
_bPNUMA
_c1988
300 _a58p.
650 _aConservación de biodiversidad
_9345
650 _aEspecies migratorias
_944996
650 _aEspecies silvestres
_93466
650 _aCetáceos
_910903
650 _aLegislación ambiental
_944997
942 _cINFORME
_2z
999 _c1122
_d1122